00533 a2200169 4500010001400000020002600014035001300040037001600053082001400069100002500083245007300108250001100181260004500192270004800237300002600285500005200311 aENG-89180 a9788120333291c195.00 aEN-72713 bDBAD / PUB14a363.700681 aKrishnamoorthy, Bala1 btext and cases /aEnvironmental management :cby Bala Krishnamoorthy a2nd ed aNew DelhibPrentice-Hall of Indiac2008 aM-97, Connaught CircusbNew Delhie110 001 axv, 267p.c23cm (pbk) aIncludes bibliographical references and index